000 01183nas a2200373 4500
001 BR2015004843
003 BR-BrBNA
005 20231205125707.0
007 ta
008 230509b bl.|||p| |||| 00| 00por d
040 _aBR-BrBNA
_bpor
_cBiblioteca Nacional de Agricultura
041 _a(Pt)
072 _aF08; U10
100 1 _aFerraz, G.A. e S.
100 1 _aSilva, F.M. da
100 1 _aOliveira, M.S. de
100 1 _aSilva, F.C. da
100 1 _aBueno, R. de L.
245 1 _aVariabilidade espacial da força de desprendimento de frutos do cafeeiro
246 1 _aSpatial variability of the detachment force of coffee fruit
650 _aCAFEICULTURA
650 _aCAFE
650 _aAGRICULTURA DE PRECISAO
650 _aLEVANTAMENTO
650 _aSENSORIAMENTO REMOTO
650 _aPRATICA CULTURAL
650 _aCOLHEITA MECANICA
650 _aRADIACAO SOLAR
650 _aANALISE ESTATISTICA
773 0 _tEngenharia Agrícola (Brazil)
_xISSN 1809-4430
_g(Nov-Dec 2014), v. 34(6) p. 1210-1223
_wBR2015004843
856 4 0 _uhttp://www.scielo.br/pdf/eagri/v34n6/a16v34n6.pdf
909 _a202311
_bLúcia
_c55
_dLúcia Elande
942 _2AGRIS
_n0
_cANA
999 _c245616
_d245616